| 000 | nam a22 a 4500 | ||
|---|---|---|---|
| 999 |
_c3744 _d3744 |
||
| 003 | AKMAL | ||
| 005 | 20170523162934.0 | ||
| 008 | 170523s1992 my 00 may d | ||
| 020 |
_a9839585738 (kkt.): _cRM 8.00 |
||
| 040 | _aAKMAL | ||
| 082 | 0 | 4 | _a666.893 SHI |
| 090 |
_a666.893 _bSHI |
||
| 100 | 1 |
_aShirley, Donald Emerson _97404 |
|
| 245 | 1 | 0 |
_aPengenalan kerja konkrit / _cD.E. Shirley ; terjemahan oleh Mohammad bin Ismail |
| 260 |
_aSekudai : _bUnit Penerbitan, Universiti Teknologi Malaysia, _c1992 |
||
| 300 |
_a31ms. : _bil. ; _c30cm |
||
| 504 | _aBibliografi: ms. 30-31 | ||
| 650 |
_aConcrete _95694 |
||
| 700 | 0 |
_aMohammad bin Ismail _97405 |
|
| 942 |
_2ddc _cBOOK |
||